| 000 | 01163cab a2200193 4500 | ||
|---|---|---|---|
| 001 | L130873 | ||
| 008 | 050909n2005 000 0 eng u | ||
| 035 | _a(Sirsi) u130873 | ||
| 041 | _aeng | ||
| 100 | _aJackson, Catherine | ||
| 245 |
_aInflation and rental change in industrial property _ba multi-level analysis |
||
| 260 | _c2005 | ||
| 490 |
_aJournal of Property Investment and Finance _v23(4) 2005, 342-363(21) |
||
| 520 | _aThe industrial property market has traditionally been under-researched but, in recent years, studies have ranged from examining rental change at the national level to examining supply factors at the local level. These studies are valuable to the real estate community, but there still remain significant gaps. The interaction between inflation and rental change has been largely overlooked at all levels of data aggregation. Further, the relative importance of national factors, and regional and local factors, in rental determination has also been ignored. [Taken from journal abstract.] | ||
| 590 | _aIKA130905 | ||
| 690 | _aPROPERTY-COMMERCIAL PROPERTY-LEASED COMMERCIAL PROPERTY | ||
| 700 | _aWhite, Michael | ||
| 942 | _n0 | ||
| 999 |
_c75855 _d75855 |
||